00213nam a22000857a 4500041000800000080000700008100002600015245007800041650000800119 aeng a80 aАракин, В. Д. aСравнительная типология англ. и рус. яз.. aEFL